[Event "Portugal Open Semirrapidas"]
[Site "Lisboa POR"]
[Date "2020.02.02"]
[Round "1.30"]
[White "GRADE, José"]
[Black "ASADLI, Vugar"]
[Result "0-1"]
[BlackElo "2273"]
[WhiteElo "1616"]
[LiveChessVersion "1.4.8"]

1. c4 {[%clk 0:15:06]} g6 {[%clk 0:15:05]} 2. Nc3 {[%clk 0:15:04]} Bg7
{[%clk 0:15:08]} 3. Nf3 {[%clk 0:15:07]} d6 {[%clk 0:15:09]} 4. g3
{[%clk 0:15:09]} c5 {[%clk 0:14:58]} 5. Bg2 {[%clk 0:15:12]} Nc6 {[%clk 0:15:02]}
6. O-O {[%clk 0:15:12]} e6 {[%clk 0:15:01]} 7. e3 {[%clk 0:15:08]} Nge7
{[%clk 0:15:00]} 8. d4 {[%clk 0:15:09]} O-O {[%clk 0:15:01]} 9. d5
{[%clk 0:14:28]} Na5 {[%clk 0:14:55]} 10. Qd3 {[%clk 0:13:49]} exd5
{[%clk 0:14:33]} 11. Nxd5 {[%clk 0:13:30]} Nxd5 {[%clk 0:14:28]} 12. cxd5
{[%clk 0:13:13]} Re8 {[%clk 0:14:24]} 13. Nd2 {[%clk 0:11:27]} Bd7
{[%clk 0:14:11]} 14. Rb1 {[%clk 0:10:54]} c4 {[%clk 0:13:56]} 15. Qa3
{[%clk 0:10:02]} Qb6 {[%clk 0:14:00]} 16. b4 {[%clk 0:09:57]} cxb3
{[%clk 0:14:04]} 17. Nxb3 {[%clk 0:09:57]} Nc4 {[%clk 0:14:04]} 18. Nd2
{[%clk 0:09:14]} Nxa3 {[%clk 0:14:07]} 19. Rxb6 {[%clk 0:09:17]} axb6
{[%clk 0:14:11]} 20. Bxa3 {[%clk 0:09:21]} Rxa3 {[%clk 0:14:15]} 21. Rb1
{[%clk 0:09:08]} b5 {[%clk 0:14:18]} 22. Bf1 {[%clk 0:08:42]} Rxa2
{[%clk 0:14:20]} 23. Nf3 {[%clk 0:06:58]} Ra1 {[%clk 0:14:22]} 24. Rb3
{[%clk 0:06:37]} Bh3 {[%clk 0:14:25]} 25. Nd2 {[%clk 0:06:23]} Rc8
{[%clk 0:14:28]} 0-1

[Event "Portugal Open Semirrapidas"]
[Site "Lisboa POR"]
[Date "2020.02.02"]
[Round "1.31"]
[White "SARKAR, Justin"]
[Black "SARABANDO, Rodrigo Andias"]
[Result "1/2-1/2"]
[BlackElo "1616"]
[WhiteElo "2240"]
[LiveChessVersion "1.4.8"]

1. d4 {[%clk 0:15:04]} Nf6 {[%clk 0:14:54]} 2. c4 {[%clk 0:15:07]} g6
{[%clk 0:14:33]} 3. g3 {[%clk 0:14:30]} Bg7 {[%clk 0:14:22]} 4. Bg2
{[%clk 0:14:33]} d6 {[%clk 0:14:17]} 5. Nc3 {[%clk 0:14:32]} O-O {[%clk 0:13:53]}
6. Nf3 {[%clk 0:14:32]} Nbd7 {[%clk 0:13:42]} 7. O-O {[%clk 0:14:32]} c6
{[%clk 0:13:26]} 8. Qc2 {[%clk 0:14:17]} e5 {[%clk 0:13:20]} 9. Rd1
{[%clk 0:14:18]} Qc7 {[%clk 0:13:18]} 10. b3 {[%clk 0:14:19]} Re8
{[%clk 0:13:09]} 11. Bb2 {[%clk 0:14:11]} Nf8 {[%clk 0:13:11]} 12. h3
{[%clk 0:13:18]} e4 {[%clk 0:11:39]} 13. Ng5 {[%clk 0:13:17]} d5 {[%clk 0:11:25]}
14. cxd5 {[%clk 0:12:23]} cxd5 {[%clk 0:11:13]} 15. h4 {[%clk 0:12:21]} h6
{[%clk 0:11:10]} 16. Nh3 {[%clk 0:12:24]} Bf5 {[%clk 0:11:13]} 17. e3 Rac8
{[%clk 0:11:11]} 18. Rac1 {[%clk 0:12:10]} Ne6 {[%clk 0:10:53]} 19. Qd2
{[%clk 0:11:46]} Qd7 {[%clk 0:10:40]} 20. Nf4 {[%clk 0:11:38]} Nxf4
{[%clk 0:10:29]} 21. exf4 {[%clk 0:11:41]} Bh3 {[%clk 0:10:25]} 22. Bh1
{[%clk 0:11:08]} Nh5 {[%clk 0:07:45]} 23. Re1 {[%clk 0:11:07]} Rc6
{[%clk 0:06:34]} 24. Nd1 {[%clk 0:10:37]} Rxc1 {[%clk 0:06:23]} 25. Bxc1
{[%clk 0:10:38]} Rc8 {[%clk 0:06:20]} 26. Ne3 {[%clk 0:10:33]} Be6
{[%clk 0:06:22]} 27. Ba3 {[%clk 0:10:15]} f5 {[%clk 0:06:12]} 28. Rc1
{[%clk 0:10:03]} Rxc1+ {[%clk 0:06:08]} 29. Bxc1 {[%clk 0:10:06]} Qc6
{[%clk 0:06:07]} 30. Bb2 {[%clk 0:10:03]} b6 {[%clk 0:05:54]} 31. Bg2
{[%clk 0:10:01]} a5 {[%clk 0:05:43]} 32. Qc3 {[%clk 0:09:50]} Bd7
{[%clk 0:04:42]} 33. Qxc6 {[%clk 0:08:38]} Bxc6 {[%clk 0:04:45]} 34. a4
{[%clk 0:08:41]} Nf6 {[%clk 0:04:32]} 35. Kf1 {[%clk 0:08:38]} Kf7
{[%clk 0:04:28]} 36. Ke1 {[%clk 0:08:41]} Bf8 {[%clk 0:04:29]} 37. Kd2
{[%clk 0:08:39]} Ke6 {[%clk 0:04:22]} 38. Bf1 {[%clk 0:08:41]} Ng4
{[%clk 0:04:22]} 39. Nxg4 {[%clk 0:08:37]} fxg4 {[%clk 0:04:26]} 40. Be2
{[%clk 0:08:30]} 1/2-1/2

[Event "Portugal Open Semirrapidas"]
[Site "Lisboa POR"]
[Date "2020.02.02"]
[Round "1.32"]
[White "LIMA, Samuel"]
[Black "ULYANOVSKYY, Viktor"]
[Result "0-1"]
[BlackElo "2236"]
[WhiteElo "1613"]
[LiveChessVersion "1.4.8"]

1. d4 c5 {[%clk 0:11:18]} 2. d5 {[%clk 0:15:10]} f5 3. c4 {[%clk 0:15:11]} Nf6
{[%clk 0:11:26]} 4. Nc3 {[%clk 0:15:14]} g6 {[%clk 0:11:31]} 5. Nf3
{[%clk 0:14:56]} d6 {[%clk 0:11:35]} 6. Qc2 {[%clk 0:14:41]} Bg7 {[%clk 0:11:36]}
7. e3 {[%clk 0:14:36]} O-O {[%clk 0:11:39]} 8. Bd3 {[%clk 0:14:39]} Na6
{[%clk 0:11:43]} 9. a3 {[%clk 0:14:43]} Bd7 {[%clk 0:11:47]} 10. O-O
{[%clk 0:14:42]} Nc7 {[%clk 0:11:51]} 11. e4 {[%clk 0:14:43]} fxe4
{[%clk 0:11:55]} 12. Nxe4 {[%clk 0:14:46]} b5 {[%clk 0:11:57]} 13. Nxf6+
{[%clk 0:12:43]} Bxf6 {[%clk 0:11:57]} 14. Bg5 {[%clk 0:12:35]} bxc4
{[%clk 0:11:55]} 15. Bxc4 {[%clk 0:12:10]} Bf5 {[%clk 0:11:40]} 16. Bd3
{[%clk 0:12:06]} Bxd3 {[%clk 0:11:42]} 17. Qxd3 {[%clk 0:12:10]} Bxb2
{[%clk 0:11:46]} 18. Rae1 {[%clk 0:11:41]} Bf6 {[%clk 0:11:48]} 19. Bxf6
{[%clk 0:11:41]} exf6 {[%clk 0:11:51]} 20. Nh4 {[%clk 0:11:30]} Qd7
{[%clk 0:11:40]} 21. Re3 {[%clk 0:11:23]} Rae8 {[%clk 0:11:31]} 22. Rfe1
{[%clk 0:11:04]} Rxe3 {[%clk 0:10:56]} 23. Rxe3 {[%clk 0:11:06]} Re8
{[%clk 0:10:58]} 24. Rxe8+ {[%clk 0:08:05]} Qxe8 {[%clk 0:11:02]} 25. h3
{[%clk 0:07:35]} Kf7 {[%clk 0:10:44]} 26. Qb3 {[%clk 0:07:21]} Qb5
{[%clk 0:10:39]} 27. Qg3 {[%clk 0:07:11]} Qb6 {[%clk 0:10:11]} 28. Qf3
{[%clk 0:06:49]} Qb1+ {[%clk 0:09:30]} 29. Kh2 {[%clk 0:06:49]} Qb2
{[%clk 0:09:33]} 30. Qe3 {[%clk 0:06:35]} Qe5+ {[%clk 0:09:36]} 31. Qxe5
{[%clk 0:06:30]} fxe5 {[%clk 0:09:38]} 0-1

[Event "Portugal Open Semirrapidas"]
[Site "Lisboa POR"]
[Date "2020.02.02"]
[Round "1.33"]
[White "MARTINS, Bruno"]
[Black "SOUSA, Vasco"]
[Result "1-0"]
[BlackElo "1551"]
[WhiteElo "2235"]
[LiveChessVersion "1.4.8"]

1. e4 {[%clk 0:15:06]} e6 {[%clk 0:02:26]} 2. d4 {[%clk 0:15:07]} d5
{[%clk 0:02:30]} 3. Nd2 {[%clk 0:15:11]} c5 {[%clk 0:02:33]} 4. exd5
{[%clk 0:15:14]} exd5 {[%clk 0:02:37]} 5. Ngf3 {[%clk 0:15:06]} cxd4
{[%clk 0:02:35]} 6. Nb3 {[%clk 0:14:36]} Bb4+ {[%clk 0:02:23]} 7. Bd2
{[%clk 0:14:38]} Qb6 {[%clk 0:01:41]} 8. Nfxd4 {[%clk 0:13:40]} Nf6
{[%clk 0:01:37]} 9. Bb5+ {[%clk 0:12:57]} Bd7 {[%clk 0:01:39]} 10. Qe2+
{[%clk 0:12:48]} Be7 {[%clk 0:01:00]} 11. Bxd7+ {[%clk 0:12:02]} Nbxd7
{[%clk 0:01:02]} 12. Nf5 {[%clk 0:11:59]} Ne4 {[%clk 0:00:19]} 13. Nxe7
{[%clk 0:11:08]} Kxe7 {[%clk 0:00:23]} 14. f3 {[%clk 0:10:59]} Ndf6
{[%clk 0:00:23]} 15. fxe4 {[%clk 0:10:01]} Nxe4 {[%clk 0:00:22]} 16. Be3
{[%clk 0:09:52]} Qf6 {[%clk 0:00:22]} 17. O-O-O {[%clk 0:09:10]} Rhd8
{[%clk 0:00:19]} 18. Bc5+ {[%clk 0:08:56]} Ke8 {[%clk 0:00:17]} 19. Rhe1
{[%clk 0:07:52]} b6 {[%clk 0:00:08]} 20. Qb5+ {[%clk 0:07:48]} Rd7
{[%clk 0:00:08]} 1-0

[Event "Portugal Open Semirrapidas"]
[Site "Lisboa POR"]
[Date "2020.02.02"]
[Round "1.35"]
[White "VASLI, Aref"]
[Black "DUQUE, Raquel"]
[Result "1-0"]
[BlackElo "1540"]
[WhiteElo "2202"]
[LiveChessVersion "1.4.8"]

1. e4 e5 2. Nf3 Nf6 3. Nxe5 Qe7 4. d4 d6 5. Nf3 Qxe4+ 6. Be2 Bf5 7. Nc3 Qxc2 8.
O-O Qxd1 9. Rxd1 Be7 10. Bb5+ c6 11. Ba4 Nbd7 12. Re1 d5 13. Bf4 Be6 14. Ng5 O-O
15. Nxe6 fxe6 16. Rxe6 Rae8 17. Rae1 Bb4 18. Rxe8 Rxe8 19. Rxe8+ Nxe8 20. Nxd5
cxd5 21. Bxd7 Nf6 22. Be6+ Kf8 23. Bb8 a5 24. Bc8 b5 25. Bc7 Ne8 26. Be5 Bd2 27.
Bd7 b4 28. Be6 g6 29. Bxd5 Bc1 30. b3 Bb2 31. f4 Ng7 32. g4 Bc1 33. Kf2 Bd2 34.
Kf3 h5 35. h3 Be1 36. Bc7 Bc3 37. Ke4 Ke7 38. Bxa5 Ne6 39. Bxe6 Kxe6 40. a3 1-0

[Event "Portugal Open Semirrapidas"]
[Site "Lisboa POR"]
[Date "2020.02.02"]
[Round "1.36"]
[White "GOMES, Jorge"]
[Black "REGO, Pedro"]
[Result "0-1"]
[BlackElo "2195"]
[WhiteElo "1538"]
[LiveChessVersion "1.4.8"]

1. e4 {[%clk 0:15:06]} c5 {[%clk 0:15:10]} 2. c3 {[%clk 0:15:05]} Nf6
{[%clk 0:15:09]} 3. d3 {[%clk 0:15:09]} g6 {[%clk 0:15:07]} 4. Nf3
{[%clk 0:15:07]} Bg7 {[%clk 0:15:11]} 5. Be2 {[%clk 0:15:08]} O-O
{[%clk 0:15:14]} 6. O-O {[%clk 0:15:12]} Nc6 {[%clk 0:15:18]} 7. Bg5
{[%clk 0:15:09]} h6 {[%clk 0:15:19]} 8. Bf4 {[%clk 0:15:11]} d6 {[%clk 0:15:19]}
9. Qd2 {[%clk 0:15:02]} Kh7 {[%clk 0:15:23]} 10. Na3 {[%clk 0:14:50]} a6
{[%clk 0:15:26]} 11. Nc4 {[%clk 0:14:54]} e5 {[%clk 0:15:08]} 12. Bg3
{[%clk 0:14:54]} Nh5 {[%clk 0:15:11]} 13. Ne3 {[%clk 0:13:21]} Nxg3
{[%clk 0:15:14]} 14. fxg3 {[%clk 0:13:25]} Be6 {[%clk 0:15:18]} 15. c4
{[%clk 0:13:24]} b5 {[%clk 0:15:14]} 16. b3 {[%clk 0:13:28]} Rb8 {[%clk 0:15:06]}
17. Rab1 {[%clk 0:13:27]} Qd7 {[%clk 0:14:47]} 18. Nd5 {[%clk 0:13:27]} Rb7
{[%clk 0:14:43]} 19. Rf2 {[%clk 0:12:12]} bxc4 {[%clk 0:14:37]} 20. dxc4
{[%clk 0:12:13]} Nd4 {[%clk 0:14:32]} 21. Nxd4 {[%clk 0:12:05]} Bxd5
{[%clk 0:14:25]} 22. exd5 {[%clk 0:12:07]} exd4 {[%clk 0:14:22]} 23. Bd3
{[%clk 0:11:48]} f5 {[%clk 0:14:23]} 24. Rbf1 {[%clk 0:11:44]} Qe7
{[%clk 0:14:08]} 25. Qf4 {[%clk 0:10:59]} Be5 {[%clk 0:13:40]} 26. Qd2
{[%clk 0:10:35]} Qg5 {[%clk 0:13:26]} 27. Qxg5 {[%clk 0:10:30]} hxg5
{[%clk 0:13:30]} 28. g4 {[%clk 0:10:34]} f4 {[%clk 0:13:29]} 29. Rf3
{[%clk 0:09:09]} a5 {[%clk 0:13:31]} 30. Bc2 {[%clk 0:08:45]} Kg7
{[%clk 0:13:28]} 31. g3 {[%clk 0:08:20]} Re8 {[%clk 0:13:23]} 32. gxf4
{[%clk 0:08:09]} Bxf4 {[%clk 0:13:21]} 33. h3 {[%clk 0:07:33]} Rbe7
{[%clk 0:13:21]} 34. R1f2 {[%clk 0:06:54]} Be3 {[%clk 0:13:15]} 35. Bd3
{[%clk 0:06:43]} Bxf2+ {[%clk 0:13:08]} 36. Kxf2 {[%clk 0:06:47]} Re3
{[%clk 0:13:12]} 37. Bb1 {[%clk 0:05:37]} Re1 {[%clk 0:12:32]} 38. Bd3
{[%clk 0:05:21]} R8e3 {[%clk 0:12:20]} 39. Rxe3 {[%clk 0:04:11]} Rxe3
{[%clk 0:12:23]} 40. Bf1 {[%clk 0:04:14]} Kf6 {[%clk 0:12:23]} 41. Be2
{[%clk 0:03:53]} Rxh3 {[%clk 0:12:23]} 42. Bd1 {[%clk 0:03:10]} Ke5
{[%clk 0:12:11]} 43. a3 {[%clk 0:03:12]} Kf4 {[%clk 0:12:09]} 44. b4
{[%clk 0:03:15]} axb4 {[%clk 0:12:11]} 45. axb4 {[%clk 0:03:19]} Rh2+
{[%clk 0:12:10]} 46. Kg1 {[%clk 0:03:22]} Rd2 {[%clk 0:10:25]} 47. bxc5
{[%clk 0:03:10]} Rxd1+ {[%clk 0:10:01]} 48. Kf2 {[%clk 0:03:13]} dxc5
{[%clk 0:10:00]} 49. d6 {[%clk 0:03:17]} Ra1 {[%clk 0:10:03]} 0-1

[Event "Portugal Open Semirrapidas"]
[Site "Lisboa POR"]
[Date "2020.02.02"]
[Round "1.37"]
[White "FIDALGO, André Neves"]
[Black "PEREIRA, André Marques"]
[Result "1-0"]
[BlackElo "1536"]
[WhiteElo "2190"]
[LiveChessVersion "1.4.8"]

1. d4 {[%clk 0:15:08]} Nf6 {[%clk 0:15:06]} 2. c4 {[%clk 0:15:10]} g6
{[%clk 0:15:02]} 3. g3 {[%clk 0:15:12]} Bg7 {[%clk 0:14:58]} 4. Bg2
{[%clk 0:15:15]} c6 {[%clk 0:14:58]} 5. Nf3 {[%clk 0:15:17]} O-O {[%clk 0:14:49]}
6. O-O {[%clk 0:15:18]} e6 {[%clk 0:14:48]} 7. Nc3 {[%clk 0:14:56]} d5
{[%clk 0:14:48]} 8. Ne5 {[%clk 0:11:38]} dxc4 {[%clk 0:14:28]} 9. Nxc4
{[%clk 0:11:39]} Nd5 {[%clk 0:13:36]} 10. e4 {[%clk 0:11:33]} Nb6
{[%clk 0:13:25]} 11. Nxb6 {[%clk 0:11:28]} axb6 {[%clk 0:13:05]} 12. Be3
{[%clk 0:11:19]} b5 {[%clk 0:12:35]} 13. e5 {[%clk 0:11:23]} Na6 {[%clk 0:12:26]}
14. Ne4 {[%clk 0:11:23]} Nb4 {[%clk 0:11:22]} 15. Bg5 {[%clk 0:10:46]} Qc7
{[%clk 0:10:57]} 16. Nf6+ {[%clk 0:10:39]} Kh8 {[%clk 0:10:35]} 17. Qd2
{[%clk 0:10:39]} Nd5 {[%clk 0:10:12]} 18. Bxd5 {[%clk 0:10:41]} exd5
{[%clk 0:10:08]} 19. Bh6 {[%clk 0:10:44]} Be6 {[%clk 0:09:25]} 20. Qg5
{[%clk 0:10:48]} Ra4 {[%clk 0:08:39]} 21. Qh4 {[%clk 0:10:50]} Rg8
{[%clk 0:07:46]} 22. Nxg8 {[%clk 0:07:34]} Kxg8 {[%clk 0:07:19]} 23. b3
{[%clk 0:07:35]} Ra8 {[%clk 0:06:33]} 24. Bxg7 {[%clk 0:07:29]} Kxg7
{[%clk 0:06:37]} 25. Qf6+ {[%clk 0:07:32]} Kg8 {[%clk 0:06:37]} 26. f3
{[%clk 0:07:12]} Qa5 {[%clk 0:06:28]} 27. Qf4 {[%clk 0:06:52]} Qb6
{[%clk 0:05:47]} 28. Rfc1 {[%clk 0:06:36]} Qa5 {[%clk 0:05:18]} 29. h4
{[%clk 0:06:36]} h5 {[%clk 0:04:37]} 30. Rc2 {[%clk 0:06:12]} Qb4
{[%clk 0:04:02]} 31. Qd2 {[%clk 0:06:03]} Qe7 {[%clk 0:03:53]} 32. a4
{[%clk 0:05:21]} Bf5 {[%clk 0:03:55]} 33. Rca2 {[%clk 0:05:25]} b4
{[%clk 0:03:44]} 34. Rc1 {[%clk 0:05:24]} Ra6 {[%clk 0:03:34]} 35. Qg5
{[%clk 0:05:18]} Qc7 {[%clk 0:03:16]} 36. g4 {[%clk 0:04:54]} hxg4
{[%clk 0:03:17]} 37. fxg4 {[%clk 0:05:01]} Be4 {[%clk 0:03:11]} 38. Rf2
{[%clk 0:05:01]} Qb6 {[%clk 0:03:04]} 39. Qe3 {[%clk 0:04:40]} Qd8
{[%clk 0:03:06]} 40. Qg5 {[%clk 0:04:40]} Qd7 {[%clk 0:03:06]} 41. Rcf1
{[%clk 0:04:38]} Ra8 {[%clk 0:02:54]} 42. Rxf7 {[%clk 0:04:39]} Qxf7
{[%clk 0:02:54]} 43. Rxf7 {[%clk 0:04:43]} Kxf7 {[%clk 0:02:58]} 44. Qf6+
{[%clk 0:04:47]} Kg8 {[%clk 0:02:59]} 45. Qe6+ {[%clk 0:04:29]} Kg7
{[%clk 0:03:00]} 46. Qd7+ {[%clk 0:04:29]} Kg8 {[%clk 0:02:58]} 47. e6
{[%clk 0:04:33]} g5 {[%clk 0:02:36]} 48. Qf7+ {[%clk 0:04:33]} Kh8
{[%clk 0:02:39]} 49. e7 {[%clk 0:04:33]} 1-0

[Event "Portugal Open Semirrapidas"]
[Site "Lisboa POR"]
[Date "2020.02.02"]
[Round "1.38"]
[White "KOROTKYI, Daniyil"]
[Black "HULSHOF, Peter"]
[Result "0-1"]
[BlackElo "2190"]
[WhiteElo "1532"]
[LiveChessVersion "1.4.8"]

1. e4 {[%clk 0:11:48]} g6 {[%clk 0:15:07]} 2. g3 {[%clk 0:11:50]} Bg7
{[%clk 0:15:11]} 3. Bg2 {[%clk 0:11:53]} d6 {[%clk 0:15:12]} 4. d4
{[%clk 0:11:54]} e5 {[%clk 0:15:05]} 5. d5 {[%clk 0:11:48]} f5 {[%clk 0:15:02]}
6. Nc3 {[%clk 0:11:46]} Nf6 {[%clk 0:15:05]} 7. Bg5 {[%clk 0:11:44]} h6
{[%clk 0:15:05]} 8. Bxf6 {[%clk 0:11:37]} Qxf6 {[%clk 0:15:08]} 9. Nge2
{[%clk 0:11:38]} O-O {[%clk 0:15:10]} 10. O-O {[%clk 0:11:40]} f4
{[%clk 0:15:08]} 11. f3 {[%clk 0:11:24]} Nd7 {[%clk 0:14:45]} 12. Nb5
{[%clk 0:10:49]} Qd8 {[%clk 0:14:48]} 13. Qd2 {[%clk 0:10:44]} a6
{[%clk 0:14:50]} 14. Na3 {[%clk 0:08:45]} g5 {[%clk 0:14:52]} 15. c3
{[%clk 0:07:59]} Rf7 {[%clk 0:14:54]} 16. Rf2 {[%clk 0:07:45]} Nf8
{[%clk 0:14:57]} 17. Raf1 {[%clk 0:06:47]} Ng6 {[%clk 0:14:59]} 18. Kh1
{[%clk 0:05:33]} Bd7 {[%clk 0:14:52]} 19. Rg1 {[%clk 0:04:12]} Qe7
{[%clk 0:14:38]} 20. Bf1 {[%clk 0:02:34]} fxg3 {[%clk 0:13:41]} 21. hxg3
{[%clk 0:02:27]} Raf8 {[%clk 0:13:44]} 22. Qe3 {[%clk 0:02:18]} h5
{[%clk 0:12:56]} 23. Kh2 {[%clk 0:01:42]} Kh7 {[%clk 0:12:59]} 24. Bh3
{[%clk 0:01:44]} Bxh3 {[%clk 0:12:47]} 25. Kxh3 {[%clk 0:01:46]} g4+
{[%clk 0:12:51]} 26. Kg2 {[%clk 0:01:46]} gxf3+ {[%clk 0:11:32]} 27. Kh1
{[%clk 0:00:57]} fxe2 {[%clk 0:11:35]} 28. Rh2 {[%clk 0:00:56]} Qf6
{[%clk 0:10:33]} 29. Rxh5+ {[%clk 0:00:47]} Kg8 {[%clk 0:10:37]} 30. Rf5
{[%clk 0:00:25]} Qe7 {[%clk 0:10:32]} 31. Rxf7 {[%clk 0:00:25]} Qxf7
{[%clk 0:10:36]} 32. Qxe2 {[%clk 0:00:25]} Qf3+ {[%clk 0:10:34]} 33. Qxf3
{[%clk 0:00:27]} Rxf3 {[%clk 0:10:38]} 34. Kg2 {[%clk 0:00:28]} Re3
{[%clk 0:10:35]} 35. Rf1 {[%clk 0:00:18]} Bh6 {[%clk 0:10:24]} 36. Nc2
{[%clk 0:00:14]} Re2+ {[%clk 0:10:23]} 37. Rf2 {[%clk 0:00:18]} Rxf2+
{[%clk 0:10:25]} 38. Kxf2 {[%clk 0:00:22]} Kf7 {[%clk 0:10:09]} 39. Kf3
{[%clk 0:00:16]} Nf8 {[%clk 0:10:11]} 40. b3 {[%clk 0:00:11]} Nd7
{[%clk 0:10:15]} 41. b4 {[%clk 0:00:08]} Bd2 {[%clk 0:10:08]} 42. Ke2
{[%clk 0:00:07]} Bxc3 {[%clk 0:10:09]} 43. Kd3 Bb2 {[%clk 0:10:02]} 44. g4
{[%clk 0:00:08]} Kg6 {[%clk 0:10:05]} 45. Ne3 {[%clk 0:00:06]} Kg5
{[%clk 0:09:53]} 46. a4 {[%clk 0:00:06]} Bd4 {[%clk 0:09:55]} 47. Nc2
{[%clk 0:00:08]} Kxg4 {[%clk 0:09:58]} 48. Nxd4 {[%clk 0:00:10]} exd4
{[%clk 0:10:02]} 49. Kxd4 {[%clk 0:00:13]} Kf4 {[%clk 0:10:05]} 50. a5
{[%clk 0:00:08]} Ne5 {[%clk 0:09:50]} 51. Kxe5+ Kxe5 0-1

[Event "Portugal Open Semirrapidas"]
[Site "Lisboa POR"]
[Date "2020.02.02"]
[Round "1.39"]
[White "CHKHAIDZE, Nikoloz"]
[Black "CAVADAS, José"]
[Result "1-0"]
[BlackElo "1530"]
[WhiteElo "2178"]
[LiveChessVersion "1.4.8"]

1. c4 {[%clk 0:15:08]} Nf6 {[%clk 0:15:07]} 2. d4 {[%clk 0:15:11]} d5
{[%clk 0:15:06]} 3. cxd5 {[%clk 0:15:14]} Nxd5 {[%clk 0:15:06]} 4. e4
{[%clk 0:15:18]} Nf6 {[%clk 0:15:01]} 5. Nc3 {[%clk 0:15:22]} e6 {[%clk 0:14:52]}
6. Nf3 {[%clk 0:15:26]} Be7 {[%clk 0:14:34]} 7. Bd3 {[%clk 0:15:30]} O-O
{[%clk 0:14:24]} 8. Qe2 {[%clk 0:15:34]} b6 {[%clk 0:13:26]} 9. e5
{[%clk 0:15:34]} Nd5 {[%clk 0:13:16]} 10. Qe4 {[%clk 0:15:38]} g6
{[%clk 0:11:31]} 11. h4 {[%clk 0:15:41]} c6 {[%clk 0:10:55]} 12. h5
{[%clk 0:15:42]} f5 {[%clk 0:09:01]} 13. exf6 {[%clk 0:15:37]} Nxf6
{[%clk 0:09:02]} 14. Qe3 {[%clk 0:15:23]} Nxh5 {[%clk 0:08:41]} 15. Qh6
{[%clk 0:14:54]} Rxf3 {[%clk 0:08:25]} 16. Bxg6 {[%clk 0:14:13]} Nf6
{[%clk 0:06:16]} 17. Bxh7+ {[%clk 0:14:08]} Nxh7 {[%clk 0:04:58]} 18. Qxh7+
{[%clk 0:14:11]} Kf8 {[%clk 0:05:03]} 19. Qh8+ {[%clk 0:14:12]} Kf7
{[%clk 0:05:04]} 20. Rh7+ {[%clk 0:14:15]} Kg6 {[%clk 0:04:41]} 21. Qg7+
{[%clk 0:14:18]} Kf5 {[%clk 0:04:29]} 22. g4# {[%clk 0:14:21]} 1-0

[Event "Portugal Open Semirrapidas"]
[Site "Lisboa POR"]
[Date "2020.02.02"]
[Round "1.40"]
[White "SANTOS, Isabel P"]
[Black "FERREIRA, Luis Pedro"]
[Result "0-1"]
[BlackElo "2170"]
[WhiteElo "1528"]
[LiveChessVersion "1.4.8"]

1. d4 {[%clk 0:13:12]} d6 {[%clk 0:15:06]} 2. c4 {[%clk 0:13:16]} e5
{[%clk 0:15:07]} 3. d5 {[%clk 0:13:18]} Be7 {[%clk 0:15:00]} 4. e4
{[%clk 0:13:19]} Bg5 {[%clk 0:15:02]} 5. Nc3 {[%clk 0:13:10]} a5 {[%clk 0:15:00]}
6. Bd3 {[%clk 0:13:10]} Na6 {[%clk 0:15:02]} 7. Nf3 {[%clk 0:12:50]} Bxc1
{[%clk 0:15:02]} 8. Rxc1 {[%clk 0:12:53]} Ne7 {[%clk 0:14:58]} 9. O-O
{[%clk 0:12:54]} Ng6 {[%clk 0:14:56]} 10. Ne1 {[%clk 0:12:33]} O-O
{[%clk 0:14:51]} 11. Be2 {[%clk 0:12:24]} Nf4 {[%clk 0:14:29]} 12. Nd3
{[%clk 0:11:54]} Nxd3 {[%clk 0:13:42]} 13. Bxd3 {[%clk 0:11:54]} Nc5
{[%clk 0:13:45]} 14. Be2 {[%clk 0:11:54]} f5 {[%clk 0:13:20]} 15. f3
{[%clk 0:11:46]} Bd7 {[%clk 0:13:13]} 16. a3 {[%clk 0:11:47]} a4 {[%clk 0:13:12]}
17. Qc2 {[%clk 0:10:09]} f4 {[%clk 0:12:41]} 18. Nd1 {[%clk 0:09:50]} g5
{[%clk 0:12:37]} 19. Nf2 {[%clk 0:09:53]} h5 {[%clk 0:12:39]} 20. Kh1
{[%clk 0:09:25]} b6 {[%clk 0:12:39]} 21. Rg1 {[%clk 0:07:52]} Qf6
{[%clk 0:12:14]} 22. g3 {[%clk 0:07:29]} Kf7 {[%clk 0:11:36]} 23. g4
{[%clk 0:06:43]} Rh8 {[%clk 0:11:36]} 24. gxh5 {[%clk 0:03:35]} Rxh5
{[%clk 0:11:38]} 25. Rg2 {[%clk 0:03:36]} Rah8 {[%clk 0:11:37]} 26. Ng4
{[%clk 0:03:08]} Bxg4 {[%clk 0:11:32]} 27. fxg4 {[%clk 0:03:11]} Rh3
{[%clk 0:11:22]} 28. Bf1 {[%clk 0:03:14]} Re3 {[%clk 0:10:28]} 29. Re2
{[%clk 0:02:21]} Nb3 {[%clk 0:07:03]} 30. Rd1 {[%clk 0:01:18]} Nd4
{[%clk 0:06:48]} 31. Rxd4 {[%clk 0:01:05]} exd4 {[%clk 0:06:51]} 32. Qxa4
{[%clk 0:01:09]} Qe7 {[%clk 0:06:32]} 33. Qd1 {[%clk 0:00:53]} 0-1

[Event "Portugal Open Semirrapidas"]
[Site "Lisboa POR"]
[Date "2020.02.02"]
[Round "1.41"]
[White "GUERRA, Vitor"]
[Black "NUNES, Adelino"]
[Result "1-0"]
[BlackElo "1518"]
[WhiteElo "2164"]
[LiveChessVersion "1.4.8"]

1. d4 {[%clk 0:11:34]} g6 {[%clk 0:13:13]} 2. c4 {[%clk 0:10:57]} Bg7
{[%clk 0:13:12]} 3. Nf3 {[%clk 0:10:58]} Nf6 {[%clk 0:13:15]} 4. Nc3
{[%clk 0:10:56]} c6 {[%clk 0:13:20]} 5. d5 {[%clk 0:10:26]} cxd5 {[%clk 0:13:23]}
6. cxd5 {[%clk 0:10:27]} d6 {[%clk 0:13:23]} 7. h3 {[%clk 0:10:12]} O-O
{[%clk 0:13:15]} 8. Nd4 {[%clk 0:10:05]} Qa5 {[%clk 0:12:39]} 9. Nb3
{[%clk 0:10:01]} Qd8 {[%clk 0:12:22]} 10. e4 {[%clk 0:09:56]} Nbd7
{[%clk 0:12:24]} 11. Be3 {[%clk 0:09:55]} b6 {[%clk 0:12:20]} 12. Bd3
{[%clk 0:09:11]} a5 {[%clk 0:12:15]} 13. O-O {[%clk 0:09:03]} Nc5
{[%clk 0:12:00]} 14. Nd4 {[%clk 0:08:46]} Nxd3 {[%clk 0:11:53]} 15. Qxd3
{[%clk 0:08:48]} Ba6 {[%clk 0:11:55]} 16. Ncb5 {[%clk 0:08:48]} Qd7
{[%clk 0:11:58]} 17. a4 {[%clk 0:08:38]} Bxb5 {[%clk 0:11:29]} 18. axb5
{[%clk 0:08:31]} Rfc8 {[%clk 0:11:25]} 19. Nc6 {[%clk 0:08:33]} h5
{[%clk 0:11:16]} 20. Bxb6 {[%clk 0:08:16]} a4 {[%clk 0:11:19]} 21. Bd4
{[%clk 0:08:12]} Qb7 {[%clk 0:11:17]} 22. Rfc1 {[%clk 0:07:07]} e5
{[%clk 0:10:36]} 23. Be3 {[%clk 0:06:58]} Ne8 {[%clk 0:10:12]} 24. Rc3
{[%clk 0:06:33]} Bf8 {[%clk 0:09:41]} 25. Rca3 {[%clk 0:06:32]} Nc7
{[%clk 0:09:27]} 26. b6 {[%clk 0:06:31]} Na6 {[%clk 0:09:13]} 27. Rxa4
{[%clk 0:05:43]} Nc5 {[%clk 0:09:12]} 28. Bxc5 {[%clk 0:05:45]} Rxa4
{[%clk 0:09:13]} 29. Rxa4 {[%clk 0:05:46]} dxc5 {[%clk 0:09:16]} 30. Qb5
{[%clk 0:05:48]} Ra8 {[%clk 0:08:45]} 31. Rxa8 {[%clk 0:05:29]} Qxa8
{[%clk 0:08:49]} 32. b7 {[%clk 0:05:30]} Qa1+ {[%clk 0:08:53]} 33. Qf1
{[%clk 0:05:32]} Qxb2 {[%clk 0:08:44]} 34. b8=Q {[%clk 0:05:34]} Qa2
{[%clk 0:08:14]} 1-0